| 000 | 00702cam a2200253 a 4500 | ||
|---|---|---|---|
| 999 |
_c6615 _d6615 |
||
| 001 | 6615 | ||
| 003 | BD-JhCC | ||
| 005 | 20180127130617.0 | ||
| 008 | 091006s1942 paua 00010 eng d | ||
| 035 | _a(BD-JhCC) | ||
| 035 | _a71587 | ||
| 040 |
_aAAIS _cAAIS _dBD-JhCC |
||
| 041 | _aeng | ||
| 050 | 0 | 0 | _aRC1210 |
| 082 |
_a617.1 _bTHO 1942 |
||
| 100 | 1 |
_aThorndike, Augustus, _d1896-. |
|
| 245 | 1 | 0 |
_aAthletic injuries : _bprevention, diagnosis and treatment / _cby Augustus Thorndike. |
| 250 | _a2nd ed., thoroughly rev. | ||
| 260 |
_aPhiladelphia : _bLea & Febiger, _c1942. |
||
| 300 |
_a216 p. : _bill. ; _c21 cm. |
||
| 650 | 0 |
_aSports _xAccidents and injuries. |
|
| 942 |
_2ddc _cBK |
||